[Event "Vladimir Dvorkovich Mem"]
[Site "Taganrog RUS"]
[Date "2015.01.26"]
[Round "9.2"]
[White "Fedoseev, Vl3"]
[Black "Timofeev, Arty"]
[Result "1-0"]
[WhiteElo "2668"]
[BlackElo "2568"]
[PlyCount "117"]
[EventDate "2015.01.18"]
[EventType "swiss"]
[EventRounds "9"]
[EventCountry "RUS"]

[SourceDate "2015.01.26"]

1. Nf3 c5 2. e4 Nc6 3. Bb5 d6 4. O-O Bd7 5. c3 Nf6 6. Re1 a6 7. Ba4 b5 8. Bc2
e5 9. h3 Be7 10. d4 Qc7 11. Be3 O-O 12. d5 Na5 13. Nbd2 c4 14. Nf1 Nb7 15. g4
g6 16. Ng3 Ne8 17. Kh2 Ng7 18. Nd2 f6 19. Rc1 Rfc8 20. Qe2 a5 21. Rg1 Nd8 22.
a4 Rab8 23. Ra1 Nf7 24. axb5 Bxb5 25. Ra2 Bd8 26. Rga1 Qd7 27. Qd1 Ne8 28. Rb1
Nc7 29. Ba4 Kg7 30. Bxb5 Qxb5 31. Qa4 Na8 32. Qxb5 Rxb5 33. Ra4 Nb6 34. Bxb6
Bxb6 35. Kg2 Rbc5 36. Ngf1 R5c7 37. Ne3 Bxe3 38. fxe3 Rc5 39. Rba1 f5 40. Rxa5
fxg4 41. hxg4 Ng5 42. Rxc5 Rxc5 43. Ra7+ Kf6 44. Rb7 h5 45. Kg3 Ra5 46. Rb6 Ke7
47. gxh5 gxh5 48. Kh4 Nf7 49. Kxh5 Ra1 50. Nf3 Rf1 51. Kg4 Rf2 52. Nh4 Kf6 53.
Nf5 Rg2+ 54. Kf3 Rd2 55. Nxd6 Ng5+ 56. Kg3 Ke7 57. Nxc4 Nxe4+ 58. Kf3 Ng5+ 59.
Kg4 1-0

[Event "Vladimir Dvorkovich Mem"]
[Site "Taganrog RUS"]
[Date "2015.01.26"]
[Round "9.3"]
[White "Smirnov, P."]
[Black "Riazantsev, A."]
[Result "1/2-1/2"]
[WhiteElo "2585"]
[BlackElo "2684"]
[PlyCount "145"]
[EventDate "2015.01.18"]
[EventType "swiss"]
[EventRounds "9"]
[EventCountry "RUS"]

[SourceDate "2015.01.26"]

1. d4 Nf6 2. c4 e6 3. g3 d5 4. Bg2 Bb4+ 5. Nc3 O-O 6. Nf3 dxc4 7. a3 Bxc3+ 8.
bxc3 c5 9. O-O Qa5 10. Rb1 Nc6 11. Qc2 h6 12. e4 b6 13. Rd1 Bb7 14. a4 cxd4 15.
cxd4 Nb4 16. Qxc4 Qxa4 17. Bd2 a5 18. Bxb4 axb4 19. Nd2 Rfd8 20. Qc7 Rab8 21.
Re1 Qa2 22. Qf4 Rbc8 23. d5 Nh5 24. Qf3 Qxd2 25. Qxh5 Rc2 26. Qf3 exd5 27. e5
Rc3 28. Red1 Qg5 29. Qe2 Qe7 30. Qb5 Qxe5 31. Qxb6 Qc7 32. Qxb4 Ba8 33. Re1 Rc4
34. Qa3 Qc5 35. Qxc5 Rxc5 36. Re7 Rdc8 37. Bf3 Kf8 38. Ra7 Rc1+ 39. Rxc1 Rxc1+
40. Kg2 Rc8 41. Kf1 Bc6 42. Ra5 Rd8 43. Ke2 Ke7 44. Kd3 Rd6 45. Ra7+ Kf8 46.
Kd4 Rf6 47. Ra3 g5 48. Ra6 Rxf3 49. Rxc6 Kg7 50. Rc2 Kg6 51. Kxd5 Kf5 52. h3 h5
53. Kd4 h4 54. Rc5+ Kg6 55. gxh4 gxh4 56. Ke4 Rxf2 57. Ke3 Rh2 58. Kf4 Rxh3 59.
Kg4 Rh1 60. Rc6+ f6 61. Ra6 Rh2 62. Rb6 Rh1 63. Ra6 h3 64. Kg3 Kg5 65. Ra5+ f5
66. Rb5 Kf6 67. Rb4 Ke5 68. Rb5+ Ke6 69. Rb4 Kf6 70. Rb6+ Kg5 71. Rb5 Rg1+ 72.
Kxh3 Rg4 73. Ra5 1/2-1/2

[Event "Vladimir Dvorkovich Mem"]
[Site "Taganrog RUS"]
[Date "2015.01.26"]
[Round "9.4"]
[White "Korneev, O."]
[Black "Kokarev, Dm"]
[Result "1/2-1/2"]
[WhiteElo "2591"]
[BlackElo "2645"]
[PlyCount "80"]
[EventDate "2015.01.18"]
[EventType "swiss"]
[EventRounds "9"]
[EventCountry "RUS"]

[SourceDate "2015.01.26"]

1. e4 c5 2. Nf3 d6 3. d4 cxd4 4. Nxd4 Nf6 5. Nc3 a6 6. h3 e5 7. Nde2 Nbd7 8. g4
h6 9. Bg2 b5 10. O-O Bb7 11. Be3 Rc8 12. Qd2 Qc7 13. Rfc1 Be7 14. a4 bxa4 15.
Ng3 Nb6 16. Bxb6 Qxb6 17. Nf5 g6 18. Nxa4 Qc7 19. Nxe7 Kxe7 20. Qe3 Nd7 21. c4
a5 22. c5 dxc5 23. Bf1 Kf6 24. Bb5 Bc6 25. Bxc6 Qxc6 26. Rc4 Kg7 27. Nxc5 Qb5
28. Rac1 Rxc5 29. Rxc5 Nxc5 30. Rxc5 Qxb2 31. Rxa5 Rc8 32. Qg3 Qb1+ 33. Kh2
Qxe4 34. Qxe5+ Qxe5+ 35. Rxe5 Rc2 36. Kg2 g5 37. Ra5 Rb2 38. Rc5 Ra2 39. Rb5
Rc2 40. Ra5 Kg6 1/2-1/2

[Event "Vladimir Dvorkovich Mem"]
[Site "Taganrog RUS"]
[Date "2015.01.26"]
[Round "9.5"]
[White "Volkov, Sergey1"]
[Black "Kharchenko, B."]
[Result "1/2-1/2"]
[WhiteElo "2618"]
[BlackElo "2483"]
[PlyCount "88"]
[EventDate "2015.01.18"]
[EventType "swiss"]
[EventRounds "9"]
[EventCountry "RUS"]

[SourceDate "2015.01.26"]

1. d4 d5 2. c4 c6 3. Nc3 Nf6 4. e3 e6 5. Nf3 Nbd7 6. Bd3 dxc4 7. Bxc4 Bd6 8. e4
b5 9. Bd3 e5 10. Bg5 O-O 11. Rc1 h6 12. Bh4 Bb7 13. Bg3 Qb8 14. dxe5 Nxe5 15.
Nxe5 Bxe5 16. O-O Bxg3 17. hxg3 Rd8 18. Qe2 Qe5 19. Rfd1 g5 20. Bb1 Kg7 21. a3
a6 22. b4 a5 23. bxa5 Rxd1+ 24. Nxd1 Rxa5 25. Qe3 Ra4 26. Qb6 Qd4 27. Qxd4 Rxd4
28. Ne3 Bc8 29. Rxc6 Ng4 30. Nxg4 Rd1+ 31. Kh2 Bxg4 32. Bc2 Rc1 33. f3 Be6 34.
e5 Bd5 35. Rc5 Be6 36. g4 h5 37. gxh5 Bf5 38. h6+ Kf8 39. e6 fxe6 40. Rc8+ Ke7
41. Rc7+ Kf6 42. h7 Bxh7 43. Rxh7 Rxc2 44. Rb7 Ra2 1/2-1/2

[Event "Vladimir Dvorkovich Mem"]
[Site "Taganrog RUS"]
[Date "2015.01.26"]
[Round "9.6"]
[White "Zontakh, A."]
[Black "Goganov, A."]
[Result "1/2-1/2"]
[WhiteElo "2540"]
[BlackElo "2615"]
[PlyCount "112"]
[EventDate "2015.01.18"]
[EventType "swiss"]
[EventRounds "9"]
[EventCountry "RUS"]

[SourceDate "2015.01.26"]

1. d4 Nf6 2. c4 e6 3. Nf3 Bb4+ 4. Bd2 Qe7 5. g3 Bxd2+ 6. Qxd2 Nc6 7. Nc3 d5 8.
cxd5 exd5 9. Bg2 O-O 10. O-O Bf5 11. Qf4 Be4 12. Rfd1 Rfe8 13. Rac1 Rad8 14.
Na4 Rd6 15. Nc5 Nd8 16. Bh3 Nh5 17. Qd2 Bg6 18. Ne5 Nf6 19. f3 b6 20. Ncd3 Bxd3
21. Qxd3 c5 22. dxc5 bxc5 23. f4 Nc6 24. Nxc6 Rxc6 25. Bg2 Re6 26. Bf3 Re3 27.
Qc2 c4 28. Qd2 h5 29. Rc3 Re6 30. Qd4 Ng4 31. Rd2 g6 32. Qxd5 Ne3 33. Qd4 h4
34. b3 cxb3 35. axb3 Qa3 36. Qa4 Qe7 37. Qd4 h3 38. b4 Rb6 39. Kf2 Re6 40. Kg1
Rb6 41. Kf2 Re6 42. Kg1 Rb6 43. Rdd3 Nf5 44. Qc5 Rxb4 45. Qxe7 Rxe7 46. Kf2 Nd4
47. Rc8+ Kg7 48. Rd8 Nxf3 49. Kxf3 a5 50. Ra8 a4 51. Ra3 Rb2 52. Re3 Rxe3+ 53.
Kxe3 Rb1 54. Rxa4 Rh1 55. Kf3 f5 56. g4 fxg4+ 1/2-1/2

[Event "Vladimir Dvorkovich Mem"]
[Site "Taganrog RUS"]
[Date "2015.01.26"]
[Round "9.7"]
[White "Bocharov, D."]
[Black "Shomoev, A."]
[Result "1-0"]
[WhiteElo "2569"]
[BlackElo "2576"]
[PlyCount "71"]
[EventDate "2015.01.18"]
[EventType "swiss"]
[EventRounds "9"]
[EventCountry "RUS"]

[SourceDate "2015.01.26"]

1. e4 c5 2. Nc3 Nc6 3. Bb5 Nd4 4. Bc4 Nf6 5. Nge2 e6 6. O-O d5 7. exd5 exd5 8.
Nxd5 Nxd5 9. Nxd4 cxd4 10. Qh5 Be6 11. Re1 Nc7 12. Bxe6 Nxe6 13. Rxe6+ Be7 14.
d3 O-O 15. Re2 Rc8 16. Bf4 Rc6 17. h3 Qd7 18. Rae1 Bb4 19. Bd2 Rc5 20. Qf3 Bxd2
21. Rxd2 Qb5 22. b3 Qa5 23. Ree2 b5 24. Qe4 Qc3 25. Rd1 Rc6 26. Qd5 Qc5 27. Qd7
Rc7 28. Qg4 g6 29. Rde1 Qd6 30. h4 h5 31. Qg5 Rc5 32. Qh6 Qc6 33. Re6 Qd7 34.
Re7 Qd8 35. R1e6 Rc6 36. Rxf7 1-0

[Event "Vladimir Dvorkovich Mem"]
[Site "Taganrog RUS"]
[Date "2015.01.26"]
[Round "9.8"]
[White "Lintchevski, D."]
[Black "Mashkov, Sergey"]
[Result "1-0"]
[WhiteElo "2557"]
[BlackElo "2209"]
[PlyCount "119"]
[EventDate "2015.01.18"]
[EventType "swiss"]
[EventRounds "9"]
[EventCountry "RUS"]

[SourceDate "2015.01.26"]

1. Nf3 Nf6 2. c4 g6 3. d4 Bg7 4. b4 O-O 5. Bb2 d5 6. e3 Ne4 7. Nbd2 Bg4 8. Qb3
Nxd2 9. Nxd2 c6 10. h3 Be6 11. c5 Nd7 12. Bd3 b5 13. a4 a6 14. Qc2 Re8 15. O-O
f6 16. Bc3 Bf7 17. axb5 axb5 18. Rxa8 Qxa8 19. Ra1 Qb7 20. Qa2 e5 21. Nb3 f5
22. Qa6 Qxa6 23. Rxa6 e4 24. Be2 Nb8 25. Ra7 Be6 26. Na5 Bf6 27. Rb7 Rc8 28. f3
Bg5 29. Bd2 exf3 30. Bxf3 Bd7 31. g4 Kf8 32. Kf1 Bh4 33. Be1 Bxe1 34. Kxe1 Ke7
35. Ra7 Kf6 36. gxf5 gxf5 37. Kf2 Kg5 38. Kg3 Re8 39. Ra8 Rg8 40. Be2 Re8 41.
h4+ Kf6 42. Kf4 Re4+ 43. Kf3 Re8 44. Nb7 Rg8 45. Nd6 Be6 46. Kf4 Nd7 47. Rxg8
Bxg8 48. Bd3 Nb8 49. Nxf5 Na6 50. Nh6 Kg7 51. Nxg8 Kxg8 52. Ke5 Nxb4 53. Bb1
Kg7 54. Kd6 Kh6 55. Kc7 Kh5 56. Kb6 Kxh4 57. Ka5 Kg4 58. Kxb4 Kf3 59. Bxh7 Kxe3
60. Bf5 1-0